书目信息 |
| 题名: |
法理要论
|
|
| 作者: | 张恒山 著 | |
| 分册: | ||
| 出版信息: | 北京 北京大学出版社 2009.07 |
|
| 页数: | 507页 | |
| 开本: | 23cm | |
| 丛书名: | 法理文丛 | |
| 单 册: | ||
| 中图分类: | D90 | |
| 科图分类: | ||
| 主题词: | 法理学--fa li xue | |
| 电子资源: | ||
| ISBN: | 978-7-301-15390-1 | |
| 000 | 01125nam0 2200253 450 | |
| 001 | 01CN04632175@CSLN | |
| 005 | 20100526075629.56 | |
| 010 | @a978-7-301-15390-1@dCNY43.00 | |
| 100 | @a20100515d2009 em y0chiy50 ea | |
| 101 | 0 | @achi |
| 102 | @aCN@b110000 | |
| 105 | @ay z 000yy | |
| 200 | 1 | @a法理要论@Afa li yao lun@f张恒山著 |
| 205 | @a第3版 | |
| 210 | @a北京@c北京大学出版社@d2009.07 | |
| 215 | @a507页@d23cm | |
| 225 | 2 | @a法理文丛@Afa li wen cong |
| 330 | @a全书共分十九章,主要内容包括:人的行为驱动机制、论法律规则、关于法律规则来源的争论、论三人社会与法律规则的来源、论法律规则来源的历史事实、论当代中国法治建设的观念之本、论法律规则现实来源的正义问题、法的价值概念与范围、论正义概念、探索法的本体正义的历史之路、论法的本体正义、论义务、论法律义务、论自然法学义务观与实证法学义务观的根本区别、法律权利概念、论财产所有权的必要性和正当性依据、古典自然法学权利观与当代中国权利本位论者权力观的区别、论法律责任、论制裁与惩罚等。 | |
| 410 | 0 | @12001 @a法理文丛 |
| 606 | 0 | @a法理学@Afa li xue |
| 690 | @aD90@v4 | |
| 701 | 0 | @a张恒山@Azhang heng shan@4著 |
| 801 | 0 | @aCN@c20100515 |
| 905 | @dD90@eZ110=3@f3 | |
| 法理要论/张恒山著.-第3版.-北京:北京大学出版社,2009.07 |
| 507页;23cm.-(法理文丛) |
| ISBN 978-7-301-15390-1:CNY43.00 |
| 全书共分十九章,主要内容包括:人的行为驱动机制、论法律规则、关于法律规则来源的争论、论三人社会与法律规则的来源、论法律规则来源的历史事实、论当代中国法治建设的观念之本、论法律规则现实来源的正义问题、法的价值概念与范围、论正义概念、探索法的本体正义的历史之路、论法的本体正义、论义务、论法律义务、论自然法学义务观与实证法学义务观的根本区别、法律权利概念、论财产所有权的必要性和正当性依据、古典自然法学权利观与当代中国权利本位论者权力观的区别、论法律责任、论制裁与惩罚等。 |
| ● |
| 相关链接 |
|
|
|
正题名:法理要论
索取号:D90/Z110=3
 
预约/预借
| 序号 | 登录号 | 条形码 | 馆藏地/架位号 | 状态 | 备注 |